Sociology / (Record no. 3118)

000 -LEADER
fixed length control field 01117cam a2200301 a 4500
001 - CONTROL NUMBER
control field 3033714
003 - CONTROL NUMBER IDENTIFIER
control field OSt
005 - DATE AND TIME OF LATEST TRANSACTION
control field 20180117085959.0
008 - FIXED-LENGTH DATA ELEMENTS--GENERAL INFORMATION
fixed length control field 950602s1996 nyua b 001 0 eng
010 ## - LIBRARY OF CONGRESS CONTROL NUMBER
LC control number 95024107
020 ## - INTERNATIONAL STANDARD BOOK NUMBER
International Standard Book Number 0673997871 (instructor ed.)
020 ## - INTERNATIONAL STANDARD BOOK NUMBER
International Standard Book Number 0673991350 (student ed.)
040 ## - CATALOGING SOURCE
Original cataloging agency DLC
Transcribing agency DLC
Modifying agency DLC
050 00 - LIBRARY OF CONGRESS CALL NUMBER
Classification number HM51
Item number .T53 1996
082 00 - DEWEY DECIMAL CLASSIFICATION NUMBER
Classification number 301
Edition number 20
100 1# - MAIN ENTRY--PERSONAL NAME
Personal name Thio, Alex.
245 10 - TITLE STATEMENT
Title Sociology /
Statement of responsibility, etc. Alex Thio.
250 ## - EDITION STATEMENT
Edition statement 4th ed.
260 ## - PUBLICATION, DISTRIBUTION, ETC.
Place of publication, distribution, etc. New York :
Name of publisher, distributor, etc. HarperCollins College Publishers,
Date of publication, distribution, etc. c1996.
300 ## - PHYSICAL DESCRIPTION
Extent xxii, 443 p. :
Other physical details ill. (some col.) ;
Dimensions 29 cm.
500 ## - GENERAL NOTE
General note "Professional edition"--Cover.
504 ## - BIBLIOGRAPHY, ETC. NOTE
Bibliography, etc. note Includes bibliographical references (p. 561-584) and indexes.
650 #0 - SUBJECT ADDED ENTRY--TOPICAL TERM
Topical term or geographic name entry element Sociology.
906 ## - LOCAL DATA ELEMENT F, LDF (RLIN)
a 7
b cbc
c orignew
d 1
e ocip
f 19
g y-gencatlg
942 ## - ADDED ENTRY ELEMENTS (KOHA)
Source of classification or shelving scheme
Koha item type Book
Holdings
Withdrawn status Lost status Source of classification or shelving scheme Damaged status Not for loan Collection code Permanent Location Current Location Shelving location Date acquired Total Checkouts Full call number Barcode Date last seen Date last checked out Price effective from Koha item type
            Central Library (CL) Central Library (CL) General Stacks 05/13/2016 1 301 THI S3H-N-396 07/08/2019 10/12/2017 05/13/2016 Book
© 2023 Central Library, National University of Sciences and Technology. All Rights Reserved.